Ils ont été élus dès le premier tour - élections législatives 2024 - Statistiques

Statistiques générales
  • Ce quiz a été pris 139 fois
  • Le résultat moyen est 13 sur 20
Statistiques - réponses
Par images Hint Réponse % Correct
RN - Pas De Calais Marine Le Pen
99%
NFP (LFI) - Val de Marne Mathilde Panot
90%
NFP (EELV) - Paris Sandrine Rousseau
90%
NFP (LFI) - Bouches Du Rhône Manuel Bompard
87%
NFP (PS) - Seine et Marne Olivier Faure
86%
NFP (Divers Gauche) - Seine Saint Denis Clémentine Autain
81%
NFP (LFI) - Paris Aymeric Caron
74%
NFP (LFI) - Bouches du Rhône Sébastien Delogu
73%
NFP (LFI) - Paris Danièle Obono
72%
NFP (LFI) - Val de Marne Clémence Guétté
70%
RN - Nord Sébastien Chenu
70%
RN - Yonne Julien Odoul
66%
NFP (LFI) - Seine Saint Denis Eric Coquerel
64%
RN - Var Laure Lavalette
62%
RN - Gironde Edwige Diaz
44%
LR - Hauts de Seine Philippe Juvin
40%
Ensemble (Renaissance) - Hauts de Seine Pierre Cazeneuve
24%
NFP (PS) - Paris Emmanuel Grégoire
23%
LR - RN - Alpes Maritimes Christelle D'Intorni
22%
RN - Bouches du Rhône Franck Allisio
15%
Aucun quiz correspondant
Distribution des résultats
% des personnes avec chaque résultat
Percentile par nombre de réponses
Votre historique - résultats
Vous n’avez pas pris ce quiz